Notre ami le roi / (Record no. 171218)

MARC details
000 -LEADER
campo de control de longitud fija 00905nam a2200265 i 4500
001 - NÚMERO DE CONTROL
campo de control 171218
003 - IDENTIFICADOR DE NÚMERO DE CONTROL
campo de control ES-MaACL
005 - FECHA Y HORA DE LA ÚLTIMA TRANSACCIÓN
campo de control 20230906214552.0
008 - DATOS DE LONGITUD FIJA--INFORMACIÓN GENERAL
campo de control de longitud fija 090505s1999 fr |||| | fre d
020 ## - NÚMERO INTERNACIONAL ESTÁNDAR DEL LIBRO
Número Internacional Estándar del Libro 2-07-032695-0
080 ## - NÚMERO DE LA CLASIFICACIÓN DECIMAL UNIVERSAL
Número de la Clasificación Decimal Universal 929 Hassan(64)II
080 ## - NÚMERO DE LA CLASIFICACIÓN DECIMAL UNIVERSAL
Número de la Clasificación Decimal Universal 32(64)"1952..."
100 0# - ENTRADA PRINCIPAL--NOMBRE DE PERSONA
Nombre de persona Perrault, Gilles.
9 (RLIN) 91334
245 10 - MENCIÓN DEL TÍTULO
Título Notre ami le roi /
Mención de responsabilidad, etc. Gilles Perrault ; en équipe avec Christine Daure-Jouvin.
250 ## - MENCION DE EDICION
Mención de edición Nouv. éd. revue et augm.
260 ## - PUBLICACIÓN, DISTRIBUCIÓN, ETC.
Lugar de publicación, distribución, etc. [Paris] :
Nombre del editor, distribuidor, etc. Gallimard,
Fecha de publicación, distribución, etc. 1999.
300 ## - DESCRIPCIÓN FÍSICA
Extensión 378 p. ;
Dimensiones 18 cm.
490 1# - MENCIÓN DE SERIE
Mención de serie Folio actuel ;
Designación de volumen o secuencia 40
600 04 - PUNTO DE ACCESO ADICIONAL DE MATERIA--NOMBRE DE PERSONA
Nombre de persona Hassan
Numeración II
Títulos y otros términos asociados al nombre Rey de Marruecos.
9 (RLIN) 62048
651 #4 - PUNTO DE ACCESO ADICIONAL DE MATERIA--NOMBRE GEOGRÁFICO
Nombre geográfico Marruecos-
Subdivisión general Política y gobierno-
Subdivisión cronológica 1961-1999.
9 (RLIN) 9032
700 1# - ENTRADA AGREGADA--NOMBRE PERSONAL
Nombre de persona Daure-Serfaty, Christine.
9 (RLIN) 140030
830 0# - PUNTO DE ACCESO ADICIONAL DE SERIE-TÍTULO UNIFORME
Título uniforme Folio actuel ;
Designación de volumen o secuencia 40
9 (RLIN) 223159
852 4# - LOCALIZACIÓN
Ubicación ES-MaACL
Número de control de estantería E-12624
itemnumber R.140193
Nota libre . - Biblioteca Jacinto Martínez Lacalle
Holdings
Estatus retirado Estado de pérdida Estado de daño No para préstamo Biblioteca de origen Biblioteca actual Ubicación en estantería Fecha de adquisición Fuente de adquisición Total de préstamos Signatura topográfica completa Código de barras Visto por última vez Precio de reemplazo Tipo de ítem Koha
        Biblioteca del Ateneo de Madrid Biblioteca del Ateneo de Madrid Depósito 2 05/05/2009     E-12624 1179685 23/02/2023 23/02/2023 Libro impreso